"THE SECRET SEVEN (THREE CHEERS, SECRET SEVEN)" (Record no. 378334)

MARC details
000 -LEADER
fixed length control field 00464nam a2200157Ia 4500
008 - FIXED-LENGTH DATA ELEMENTS--GENERAL INFORMATION
fixed length control field 100122s9999 xx 000 0 und d
082 ## - DEWEY DECIMAL CLASSIFICATION NUMBER
Item number 61507
Classification number 823.08
100 ## - MAIN ENTRY--PERSONAL NAME
Personal name BLYTON ENID
245 ## - TITLE STATEMENT
Title "THE SECRET SEVEN (THREE CHEERS, SECRET SEVEN)"
250 ## - EDITION STATEMENT
Edition statement 0
260 ## - PUBLICATION, DISTRIBUTION, ETC. (IMPRINT)
Name of publisher, distributor, etc HODDER CHILDREN`S BOOK
Date of publication, distribution, etc 2000
300 ## - PHYSICAL DESCRIPTION
Extent 132
630 ## - SUBJECT ADDED ENTRY--UNIFORM TITLE
Uniform title "THE SECRET SEVEN (THREE CHEERS, SECRET SEVEN)"
730 ## - ADDED ENTRY--UNIFORM TITLE
Uniform title "THE SECRET SEVEN (THREE CHEERS, SECRET SEVEN)"
942 ## - ADDED ENTRY ELEMENTS (KOHA)
Koha item type Book
Holdings
Withdrawn status Lost status Damaged status Not for loan Home library Current library Date acquired Cost, normal purchase price Total Checkouts Full call number Barcode Date last seen Cost, replacement price Price effective from Koha item type Public note
  Missing from bundle     S.V. Pathak Library, Vile Parle S.V. Pathak Library, Vile Parle 03/31/2007 100.00   61507 SVPPARLE-61507 01/25/2010 100.00 01/25/2010 Book "4)किंमत वसुल, , General, NA"